20 Random bollards of (street view) Europe - Statistics

General Stats
  • This quiz has been taken 136 times
  • The average score is 4 of 20
Answer Stats
Picture Answer % Correct
Austria
100%
Austria
100%
Austria
100%
Czechia
100%
Finland
100%
France
100%
France
100%
France
100%
Germany
100%
Iceland
100%
Ireland
100%
Italy
100%
Italy
100%
Italy
100%
Netherlands
100%
Serbia
100%
Slovakia
100%
Slovenia
100%
Slovenia
100%
Spain
100%
Spain
100%
United Kingdom
100%
United Kingdom
83%
Belgium
75%
Poland
75%
France
67%
Slovakia
67%
Sweden
67%
Austria
50%
Austria
50%
Austria
50%
Austria
50%
Austria
50%
Finland
50%
France
50%
France
50%
Germany
50%
Germany
50%
Hungary
50%
Italy
50%
Italy
50%
Luxembourg
50%
North Macedonia
50%
Norway
50%
Poland
50%
Poland
50%
Romania
50%
Romania
50%
San Marino
50%
Serbia
50%
Slovakia
50%
Slovakia
50%
Slovakia
50%
Spain
50%
Spain
50%
Turkey
50%
United Kingdom
50%
United Kingdom
50%
Albania
40%
Latvia
40%
Sweden
40%
Austria
33%
Austria
33%
Austria
33%
Czechia
33%
Denmark
33%
Germany
33%
Hungary
33%
Ireland
33%
Isle of Man
33%
Italy
33%
Portugal
33%
Slovenia
33%
Turkey
33%
Ukraine
33%
United Kingdom
33%
Andorra
25%
Austria
25%
Jersey
25%
Luxembourg
25%
Netherlands
25%
Netherlands
25%
Norway
25%
Belgium
20%
Sweden
20%
United Kingdom
20%
Åland
0%
Albania
0%
Albania
0%
Albania
0%
Andorra
0%
Andorra
0%
Andorra
0%
Andorra
0%
Andorra
0%
Austria
0%
Austria
0%
Austria
0%
Austria
0%
Austria
0%
Austria
0%
Austria
0%
Austria
0%
Austria
0%
Austria
0%
Austria
0%
Austria
0%
Austria
0%
Austria
0%
Austria
0%
Austria
0%
Austria
0%
Austria
0%
Austria
0%
Austria
0%
Austria
0%
Belarus
0%
Belfast (Northern Ireland)
0%
Belgium
0%
Belgium
0%
Belgium
0%
Belgium
0%
Belgium
0%
Bulgaria
0%
Bulgaria
0%
Bulgaria
0%
Bulgaria
0%
Bulgaria
0%
Bulgaria
0%
Croatia
0%
Croatia
0%
Croatia
0%
Croatia
0%
Czechia
0%
Czechia
0%
Czechia
0%
Czechia
0%
Denmark
0%
Denmark
0%
Denmark
0%
Denmark
0%
England
0%
England
0%
England
0%
Estonia
0%
Estonia
0%
Estonia
0%
Faroe Islands
0%
France
0%
France
0%
France
0%
France
0%
France
0%
France
0%
Germany
0%
Germany
0%
Gibraltar
0%
Greece
0%
Greece
0%
Greece
0%
Greece
0%
Hungary
0%
Ireland
0%
Ireland
0%
Ireland
0%
Ireland
0%
Ireland
0%
Ireland
0%
Ireland
0%
Ireland
0%
Ireland
0%
Ireland
0%
Isle of Man
0%
Isle of Man
0%
Italy
0%
Italy
0%
Italy
0%
Italy
0%
Italy
0%
Italy
0%
Jersey
0%
Jersey
0%
Latvia
0%
Liechtenstein
0%
Liechtenstein
0%
Liechtenstein
0%
Lithuania
0%
Lithuania
0%
Luxembourg
0%
Luxembourg
0%
Luxembourg
0%
Monaco
0%
Monaco
0%
Montenegro
0%
Montenegro
0%
Montenegro
0%
Netherlands
0%
Netherlands
0%
Netherlands
0%
Netherlands
0%
Netherlands
0%
Netherlands
0%
Netherlands
0%
Netherlands
0%
Netherlands
0%
Netherlands
0%
Northern Ireland, England
0%
North Macedonia
0%
North Macedonia
0%
North Macedonia
0%
Norway
0%
Norway
0%
Norway
0%
Poland
0%
Poland
0%
Poland
0%
Poland
0%
Portugal
0%
Portugal
0%
Portugal
0%
Portugal
0%
Portugal
0%
Portugal
0%
Romania
0%
Romania
0%
Romania
0%
Romania
0%
Russia
0%
Russia
0%
Russia
0%
Russia
0%
Russia
0%
Russia
0%
San Marino
0%
Serbia
0%
Slovenia
0%
Slovenia
0%
Slovenia
0%
Slovenia
0%
Spain
0%
Spain
0%
Spain
0%
Spain
0%
Spain
0%
Spain
0%
Spain
0%
Spain
0%
Spain
0%
Spain
0%
Spain
0%
Spain
0%
Spain
0%
Spain
0%
Sweden
0%
Sweden
0%
Sweden
0%
Sweden
0%
Sweden
0%
Sweden
0%
Sweden
0%
Sweden
0%
Sweden
0%
Sweden
0%
Sweden
0%
Switzerland
0%
Switzerland
0%
Switzerland
0%
Switzerland
0%
Switzerland
0%
Switzerland
0%
Switzerland
0%
Turkey
0%
Turkey
0%
Ukraine
0%
Ukraine
0%
Ukraine
0%
Ukraine
0%
Ukraine
0%
United Kingdom
0%
United Kingdom
0%
United Kingdom
0%
United Kingdom
0%
United Kingdom
0%
United Kingdom
0%
United Kingdom
0%
United Kingdom
0%
United Kingdom
0%
No matching quizzes found
Score Distribution
Percent of People with Each Score
Percentile by Number Answered
Your Score History
You have not taken this quiz